The many lives of Khrushchev's thaw : experience and memory in Moscow's Arbat

Saved in:
Bibliographic Details
Main Author: Bittner, Stephen V.
Format: Book
Language:English
Published: Ithaca and London : Cornell University Press, 2008
Subjects:
Tags: Add Tag
No Tags, Be the first to tag this record!

MARC

LEADER 00000nam a2200000 i 4500
001 1/28307
008 130412s2008 eng d
020 |a 978-0-8014-4606-1 
035 |l 10114172 
040 |a GR-MY-UA  |b gre  |e aacr 
041 0 |a eng 
082 0 |a 947.31  |2 (22) 
100 1 |a Bittner, Stephen V. 
245 1 4 |a The many lives of Khrushchev's thaw :  |b experience and memory in Moscow's Arbat /  |c Stephen V. Bittner 
260 |a Ithaca and London :   |b Cornell University Press,   |c 2008 
300 |a xi, 235 σ.;  |c 24 εκ. 
504 |a Περιλαμβάνει βιβλιογραφία και ευρετήριο 
651 0 |a Arbat (Moscow, Russia)  |x Intellectual life. 
651 0 |a Moscow (Russia)  |x Intellectual life. 
651 0 |a Soviet Union  |x Intellectual life  |y 1917-1970. 
651 0 |a Soviet Union  |x History  |y 1953-1985. 
852 |a INST  |b LESVOS  |e 20130412  |h 947.31 BIT  |p 005100052538  |q 005100052538  |t BK  |y 0 
901 |a BIBL1-2013-1 
909 |a Λ  |b 177857 
922 |a 1ΕΛΗ  |b 201210  |c ΤΜΗΜΑ ΚΟΙΝΩΝΙΚΗΣ ΑΝΘΡΩΠΟΛΟΓΙΑΣ ΚΑΙ ΙΣΤΟΡΙΑΣ  |d ΙΩΑΝΝΙΔΟΥ 
970 |a ΤΖΑΦΕΡΗ  |b ΕΥΑΓΓΕΛΙΑ  |z 2013/04/12